|
|
|
|
| LEADER |
00000nam a2200000 a 4500 |
| 001 |
vtls001355421 |
| 003 |
SK-MaSNL |
| 005 |
20260301114929.0 |
| 008 |
240313s1998 xo ai r y 0 eng |
| 015 |
|
|
|a SNBE1999/01-00091
|
| 020 |
|
|
|a 808058088X
|
| 035 |
|
|
|a SNK000308883
|
| 040 |
|
|
|a SNK
|b slo
|c SNK
|e AACR2
|
| 041 |
0 |
|
|a eng
|
| 044 |
|
|
|a xo
|c SK
|
| 080 |
|
|
|a 635.1:311.312(437.6)(083.9)"1998"=20
|2 1981
|
| 080 |
|
|
|a 311.312(437.6)
|2 1981
|
| 100 |
1 |
|
|a Meravá, Eva
|4 aut
|9 22233
|
| 245 |
1 |
|
|a Vegetables
|b situation and outlook report october 1998
|c authors Eva Meravá ; technical assistance Andrea Karláková
|
| 260 |
|
|
|a Bratislava
|b Research Institute of Agriculture and Food Economics
|b Ministry of Agricultureof the Slovak Republic
|c 1998
|
| 300 |
|
|
|a 27 s.+[12] s. príl.
|b grafy, tab.
|c 30 cm
|
| 500 |
|
|
|a 100 výt.
|
| 650 |
0 |
7 |
|a zelenina
|z Slovensko
|y 1998
|x spravodaje štatistické
|2 SNK
|9 459127
|
| 655 |
|
7 |
|a informačné publikácie
|2 SNK
|9 70181
|
| 700 |
1 |
|
|a Karláková, Andrea
|4 apd
|9 44730
|
| 710 |
2 |
|
|a Výskumný ústav ekonomiky poľnohospodárstva a potravinárstva (Bratislava, Slovensko)
|4 vyd
|9 32788
|
| 710 |
0 |
|
|a Slovensko.
|b Ministerstvo pôdohospodárstva
|4 vyd
|9 115174
|
| 919 |
|
|
|a 80-8058-088-X
|
| 958 |
|
|
|a TL
|
| 958 |
|
|
|a BQ
|
| 999 |
|
|
|c 720285
|d 722215
|
| 952 |
|
|
|t P60, <09>, [BOOK], {629}
|a SNK
|b SNK
|y NEVYP
|7 0
|o snkB 60
|i snk272/990222
|0 0
|1 0
|4 0
|d 1999-02-18
|l 0
|r 2005-01-02 00:00:00
|w 2026-02-23
|
| 952 |
|
|
|t P60, <03>, [BOOK], {603}
|a SNK
|b SNK
|y PREZ
|7 0
|p 17A0181547
|o snkOSB 12075
|i snkKSP 1679/99
|0 0
|1 0
|4 0
|d 1999-02-18
|l 0
|r 2005-01-02 00:00:00
|w 2026-02-23
|
| 952 |
|
|
|t P60, <04>, [BOOK], {604}
|a SNK
|b SNK
|y VYP
|7 0
|p 17A0181546
|o snkOSB 12075 D1
|i snkKSP 1680/99
|0 0
|1 0
|4 0
|d 1999-02-18
|l 0
|r 2005-01-02 00:00:00
|w 2026-02-23
|